000 00239nam a2200097Ia 4500
008 230508s1985 xx 000 0 und d
041 _aeng
100 _aD C GREEN.
245 _aELECTRONICS 3, 4TH ED.
260 _bPITMAN PUBLI, LANDAN
_c1985
999 _c730898
_d730898